| 000 | 03137cam a22004334i 4500 | ||
|---|---|---|---|
| 003 | PE-LiUPU | ||
| 005 | 20250731165423.0 | ||
| 008 | 160125s2015 pe a drm 000 0 spa d | ||
| 035 | _a(Sirsi) a155800 | ||
| 040 |
_aPE-LiUPU _bspa _cPE-LiUPU _erda |
||
| 099 |
_aTF 3 _bC35 2015 |
||
| 100 | 1 |
_aCazares, Gladys _eautor |
|
| 245 | 1 |
_aEstilos parentales y el autoconcepto en los estudiantes del quinto grado de educación pimaria de la Institución Educativa Técnica Sumapaz sede "Antonio María Lozano", Melgar, Colombia, 2014 / _cGladys Cazares. |
|
| 264 | 0 | _c2015. | |
| 300 |
_a127 hojas : _bilustraciones; _c30 cm |
||
| 336 |
_atext _2rdacontent |
||
| 337 |
_aunmediated _2rdamedia |
||
| 338 |
_avolume _2rdacarrier |
||
| 502 |
_aTesis _b(Mg.) -- _cUniversidad Peruana Unión, _d2011 |
||
| 504 | _aIncluye referencias | ||
| 520 | 3 | _aLa Presente investigación corresponde a un enfoque cuantitativo de tipo básico teórico y descriptivo, correlacional, transversal. El objetivo principal fue determinar la relación existente entre los estilos parentales y el autoconcepto, en los estudiantes de quinto grado de educación básica Primaria de la Institución Técnica Sumapaz (Megar, Colombia, 2014). Se trabajó con 150 estudiantes, cuya participación fue voluntaria, edades ubicadas entre 10 y 15 estudiantes, cuya participación fue voluntaria, edades ubicadas entre 10 y 15 años de edad a quienes se les aplicó dos instrumentos: escala de socialización familiar (Esteves, 2005), adaptado por la investigadora y la escala de autoconcepto (AF-5) (Linares 2001). Este es un estudio cuantitativo, correlacional, no experimental de corte transversal. El cuestionario es un instrumento orientador, el resultado de las respuestas obtenidas del estudiante indica que no existe una relación significativa entre las variables estilos parentales y el autocooncepto; en el presente estudio se da a conocer que el mejor estilo parental no afecta el autoconcepto de los estudiantes en sus diferentes dimensiones, excepto la relación existente entre el estilo parental negligente con el autoconcepto en un nivel medio. Se encontró que sólo un 35,3% de los estudiantes manifiesta bajo autoncepto; del mismo modo, el autoconcepto regular queda expresado en el 31,3%; el autoconcepto alto es revelado en el 33,3%, por lo cual, no guarda relación significativa con el estilo parental. Asimismo, de estos resultados se atribuye a que el bajo autoconcepto de los estudiantes adolescentes se debe a otros factores que el bajo autoconcepto de loe estudiantes adolescentes se debe a otros factores que ameritan otros estudios de investigación. | |
| 526 | _aSEG44 | ||
| 526 | _aSEG26 | ||
| 526 | _aP151 | ||
| 526 | _aP150 | ||
| 526 | _aP149 | ||
| 526 | _aP146 | ||
| 526 | _aP145 | ||
| 526 | _aP126 | ||
| 526 | _aP125 | ||
| 526 | _aP92 | ||
| 526 | _aP75 | ||
| 526 | _aP74 | ||
| 526 | _aP27 | ||
| 526 | _aP15 | ||
| 596 | _a1 | ||
| 942 |
_2ddc _cTESIS |
||
| 999 |
_aTF 3 C35 2015 _wALPHANUM _c8475 _iT01886 _lCCODEBUL3 _mBUL _r1 _sY _tTESIS _u2016-1-25 _xPOSGRADO _PP54 _o.STAFF. Tesis _d8475 |
||
| 980 |
_81 _gALBERTO SANCHEZ Responsable de Automatización |
||